LEADER 01325nam a2200265 a 4500 001 000000163133 003 CaOOAMICUS 005 20171004115748.0 008 171004s1996 it m 001 u spa r 032 $aLibriCat 040 $aPUL$bita 100 1 $aPresern, Valentín Antonio.$0(OLS)http://pul/name/104767 245 13$aLa comunicatividad del rock argentino :$buna fenomenología antropológica de la participación musical /$cauctore Valentin Antonio Presern. 260 $aRoma :$bPontificia Università Gregoriana,$c1996. 300 $a112 p. ;$c24 cm. 502 $aEstratto da tesi -- Pontificia Universitas Gregoriana. Facultas philosophiae. 1996. 504 $aBibliografia in nota. 650 4$aMusica e filosofia.$0(OLS)http://pul/subject/43467 710 2 $aPontificia Università Gregoriana.$bFacoltà di filosofia.$kTesi.$0(OLS)http://pul/name/82053 850 $aPUL 852 $aPUL$W1$xDP1 Tesi Pon. Univ. Gregoriana$y40$mTH PUG 4267$j187182$qTesi$B190354$CPULBib$Z2$F190354 $H75961 $82 941 1 $a16 996 $6245$aLa comunicatividad del rock argentino :$buna fenomenología antropológica de la participación musical$9(OLS)http://pul/title/202871 996 $6260$aRoma :$bPontificia Università Gregoriana$9(OLS)http://pul/publisher/47853 LEADER 01341nam a2200277 a 4500 001 000000152427 003 CaOOAMICUS 005 20160620185204.0 008 160620s1966 it u000 u ita r 032 $aLibriCat 040 $aPUL$bita 100 1 $aLippi, Adolfo.$0(OLS)http://pul/name/35265 245 13$aIl problema della morte e la filosofia di s. Tommaso /$cAdolfo Lippi, C.P. 260 $aNapoli :$bEdizioni Domenicane italiane,$c1966. 300 $a76 p. ;$c24 cm. 502 $aPars dissertationis ad lauream in facultate philosophiae apud Pontificiam Universitatem S. Thomae de Urbe. 1966. 504 $aBibliografia in nota a piè pagina. 600 04$aThomas Aquinas,$cs.,$dc. 1225-1274$xCritica e interpretazione.$0(OLS)http://pul/subject/435 650 04$aMorte (filosofia).$0(OLS)http://pul/subject/18691 710 2 $aPontificia Università S. Tommaso.$bFacoltà di filosofia.$kTesi.$0(OLS)http://pul/name/83008 850 $aPUL 852 $aPUL$W1$xDP1 Tesi Pon. Univ. S. Tommaso$y44$mTH S.THOM PH151$j175469$qTesi$B177890$CPULBib$Z2$F177890 $H27861 $81 941 1 $a16 996 $6245$aIl problema della morte e la filosofia di s. Tommaso$9(OLS)http://pul/title/191835 996 $6260$aNapoli :$bEdizioni Domenicane italiane$9(OLS)http://pul/publisher/50961